000 00629nam a2200241Ia 4500
003 OSt
005 20220924131931.0
006 a|||||r|||| 00| 0
007 ta
008 220923b |||||||| |||| 00| 0 tel d
020 _c25.00
024 _a339596
037 _cTextual
040 _aARTS
_cARTS
_btel
041 _2tel
_atel
082 _aY7, 35L6
100 _aRao Nanduri Ramamohana
_9203287
245 0 _aNaravataram
260 _aVijayawada
_bNavodaya Publishers India
_c1976
650 _aSOCIOLOGY
942 _hY7, 35L6
_cTEXL
_2CC
999 _c428658
_d428658